Changing gender relations in Southern Africa : (Record no. 12807)
[ view plain ]
| 000 -LEADER | |
|---|---|
| fixed length control field | 00683nam a22002052 4500 |
| 001 - CONTROL NUMBER | |
| control field | 0000003283 |
| 005 - DATE AND TIME OF LATEST TRANSACTION | |
| control field | 20151217155820.0 |
| 008 - FIXED-LENGTH DATA ELEMENTS--GENERAL INFORMATION | |
| fixed length control field | 070502s xx 000 0 eng d |
| 020 ## - INTERNATIONAL STANDARD BOOK NUMBER | |
| International Standard Book Number | 9991131213 : |
| Terms of availability | GBP 25.00 |
| 040 ## - CATALOGING SOURCE | |
| Original cataloging agency | KABU |
| Transcribing agency | KABU |
| 050 #0 - LIBRARY OF CONGRESS CALL NUMBER | |
| Classification number | HQ1800 |
| Item number | .C53 |
| 245 10 - TITLE STATEMENT | |
| Title | Changing gender relations in Southern Africa : |
| Remainder of title | Issues of urban life / |
| Statement of responsibility, etc. | edited by Anita Larsson, Matseliso Mapetla, Ann Schlyter. |
| 260 ## - PUBLICATION, DISTRIBUTION, ETC. (IMPRINT) | |
| Place of publication, distribution, etc. | Roma, Lesotho : |
| Name of publisher, distributor, etc. | ISAS, |
| Date of publication, distribution, etc. | 1998. |
| 300 ## - PHYSICAL DESCRIPTION | |
| Extent | viii, 336 p. |
| 650 #0 - SUBJECT ADDED ENTRY--TOPICAL TERM | |
| Topical term or geographic name as entry element | Urban women |
| Geographic subdivision | Africa, Southern. |
| -- | 0000153065 |
| 700 1# - ADDED ENTRY--PERSONAL NAME | |
| Personal name | Larsson, Anita. |
| -- | 0000153066 |
| 908 ## - PUT COMMAND PARAMETER (RLIN) | |
| Put command parameter | 070502 |
| 950 ## - LOCAL HOLDINGS (RLIN) | |
| -- | 1 |
| Withdrawn status | Lost status | Source of classification or shelving scheme | Not for loan | Home library | Current library | Date acquired | Total Checkouts | Full call number | Barcode | Date last seen | Price effective from | Koha item type |
|---|---|---|---|---|---|---|---|---|---|---|---|---|
| Library of Congress Classification | Kabarak, Main Campus | Kabarak, Main Campus | 17/12/2015 | HQ1800 .C53 | 002795 | 17/12/2015 | 17/12/2015 | Africana Collection |